|
|
|
|
| LEADER |
00000nab a2200000 a 4500 |
| 001 |
vtls011111989 |
| 003 |
SK-MaSNL |
| 005 |
20260304231254.0 |
| 008 |
230218|1960 xo |||||||||||||||||slo| |
| 015 |
|
|
|a SNBRB
|
| 035 |
|
|
|a (uuid)f81807c2-5d5f-4fd6-82b3-b9143d571b5b
|
| 035 |
|
|
|a (urnnbn)urn:nbn:sk:snk:ar-a08fvi
|
| 035 |
|
|
|a urn:nbn:sk:snk-ab9igs
|
| 040 |
|
|
|a SNKBUCL
|b slo
|c SNKBUCL
|e AACR2
|
| 041 |
0 |
|
|a slo
|
| 044 |
|
|
|a xo
|c SK
|
| 100 |
1 |
|
|a Elečko, J.
|4 aut
|9 772306
|
| 245 |
1 |
0 |
|a SKÚSENOSTI S KONZERVATÍVNYM CISÁRSKYM REZOM U PRASNÍC
|c J. Elečko, T. Hájovský, A. Ševčík, Fr. Schwarcz
|
| 700 |
1 |
|
|a Hájovský, T.
|4 aut
|9 1143337
|
| 700 |
1 |
|
|a Ševčík, Anton,
|d 1929-2014
|4 aut
|9 116541
|
| 700 |
1 |
|
|a Fr., Schwarcz
|4 aut
|9 1564705
|
| 773 |
0 |
|
|t Folia veterinaria
|g Roč. 4, č. 1-2 (1960), s. 115-121
|
| 954 |
|
|
|a odborná, vedecká literatúra pôvodná (slovenská)
|2 lita
|
| 958 |
|
|
|a OND
|
| 958 |
|
|
|a EUIPO
|
| 958 |
|
|
|a article13
|
| 999 |
|
|
|c 3188021
|d 3189951
|